روائع الحكم و الأقوال المأثورة / (رقم التسجيلة. 122640)

تفاصيل مارك
000 -LEADER
fixed length control field 00584nam a22001817a 4500
005 - DATE AND TIME OF LATEST TRANSACTION
control field 20251108174949.0
008 - FIXED-LENGTH DATA ELEMENTS--GENERAL INFORMATION
fixed length control field 250721s2011 xx 000 0 ara d
082 14 - DEWEY DECIMAL CLASSIFICATION NUMBER
Classification number 818.02/ابر
100 1# - MAIN ENTRY--PERSONAL NAME
Personal name ابراهيم، سعيد
Relator term مؤلف
245 10 - TITLE STATEMENT
Title روائع الحكم و الأقوال المأثورة /
264 1# - PRODUCTION, PUBLICATION, DISTRIBUTION, MANUFACTURE, AND COPYRIGHT NOTICE
Place of production, publication, distribution, manufacture الجيزة :
Name of producer, publisher, distributor, manufacturer الدار العالمية للكتب و النشر،
Date of production, publication, distribution, manufacture, or copyright notice 2011.
300 ## - PHYSICAL DESCRIPTION
Extent 174ص.
650 17 - SUBJECT ADDED ENTRY--TOPICAL TERM
Topical term or geographic name as entry element الامثال
650 17 - SUBJECT ADDED ENTRY--TOPICAL TERM
Topical term or geographic name as entry element الأقوال المأثورة
650 17 - SUBJECT ADDED ENTRY--TOPICAL TERM
Topical term or geographic name as entry element الحكم (الأمثال)
942 ## - ADDED ENTRY ELEMENTS (KOHA)
Source of classification or shelving scheme Dewey Decimal Classification
Koha item type كتب
المقتنيات
حالة السحب حالة الفقدان مصدر التصنيف حالة التلف غير قابل للإعارة المكتبة الرئيسية المكتبة الحالية موقع الرف تاريخ التزويد الرقم المتسلسل Total Checkouts رقم الإستدعاء الباركود تاريخ آخر ظهور تاريخ الفاتورة نوع المادة (كوها)
    Dewey Decimal Classification     المكتبة المركزية المكتبة المركزية الإعارة 28/07/2025 1433083   818.02/ابر PLD00187389 28/07/2025 28/07/2025 كتب
    Dewey Decimal Classification     مكتبة الأميرة ايمان العامة مكتبة الأميرة ايمان العامة الإعارة 01/02/2011 1433085   818.02/ابر PLD00187603 28/07/2025 01/02/2011 كتب
    Dewey Decimal Classification     مكتبة صويلح العامة مكتبة صويلح العامة الإعارة 01/02/2011 1433084   818.02/ابر PLD00187602 28/07/2025 01/02/2011 كتب
Implemented & Customized by: BBB with SCIT (Smart Chains for Information Technology)

Powered by Koha